| 000 | 00632cam a2200229 4500 | ||
|---|---|---|---|
| 001 | J119387 | ||
| 008 | 020819n1998 000 0 eng u | ||
| 035 | _a(Sirsi) u119387 | ||
| 050 | _a333.33025 | ||
| 110 |
_aRoyal Institution of Chartered Surveyors _94900 |
||
| 245 | _aMembers of councils, committees and panels 1998/99 session | ||
| 260 |
_aLondon _bRICS _c1998 |
||
| 300 |
_a32p. _c30cm. |
||
| 650 | _aDIVISIONAL COUNCILS | ||
| 650 | _aDIVISIONAL PRESIDENTS | ||
| 650 | _aRICS EXECUTIVE GROUP | ||
| 650 | _aGENERAL COUNCIL | ||
| 650 | _aOFFICERS | ||
| 650 | _aRICS PRESIDENT | ||
| 690 | _aRICS NEWS | ||
| 942 | _n0 | ||
| 999 |
_c102310 _d102310 |
||